000 01719nam a2200373 i 4500
001 12466
003 KOSZ 005
005 20191018140640.0
008 990506s1961 pl f d |000 0 mul
015 _aPB 1961/205
035 _a(OCoLC)830233240
040 _aWA N
_cWA N
_dKOSZ 005/HR
080 _a621.3(038)=00
245 0 0 _aMiędzynarodowy słownik terminologii elektrycznej =
_bInternational electrotechnical vocabulary = Vocabulaire électrotechnique international = Meždunarodnyj èlektrotechničeskij sbornik terminov.
_n2. Dział 10,
_pMaszyny i transformatory.
_nDział 11,
_nPrzekształtniki.
_nDział 12,
_pTransduktory /
_c[oprac. Bolesław Dubicki et al. ; red. Jan R. Świtkowski] ; Międzynarodowa Komisja Elektrotechniczna.
246 3 1 _aInternational electrotechnical vocabulary.
246 3 1 _aVocabulaire électrotechnique international.
246 3 1 _aMeždunarodnyj èlektrotechničeskij sbornik terminov.
260 _aWarszawa :
_bPaństw. Wydaw. Techniczne,
_c1961.
300 _aVIII, 127 s. ;
_c30 cm.
380 _aKsiążki.
388 _a1901-2000
546 _aTekst równol. w jęz. pol., hol., ang., fr., niem., wł., ros., hisz., szw.
658 _aInżynieria i technika
658 _aJęzykoznawstwo
650 4 _aElektryczność
650 4 _aTerminologia
650 4 _aElektrotechnika
655 4 _aSłownik wielojęzyczny
700 1 _aDubicki, Bolesław
_d(1906-1990).
_eOprac.
700 1 _aŚwitkowski, Jan R.
_eRedakcja
710 2 _aPaństwowe Wydawnictwa Techniczne
_4pbl.
856 _uhttp://koha.tu.koszalin.pl/cgi-bin/koha/opac-detail.pl?biblionumber=12466
_yKatalog online BPK
942 _2UKD
_cKS
999 _c12466
_d12466